| 000 | 00000nam##2200000za#4500 |
| 001 | 9.697102 |
| 003 | CaOODSP |
| 005 | 20210624235331 |
| 007 | cr ||||||||||| |
| 008 | 150407|1994||||xxc|||||o f|0| 0 eng|d |
| 040 | |aCaOODSP|beng |
| 043 | |an-cn--- |
| 086 | 1 |aCS96-320/1994E-PDF |
| 245 | 00|aChildren and youth : |h[electronic resource]|ban overview / |cby Don Kerr, Daniel Larrivee, Patricia Greenhalgh. Published by Statistics Canada and Prentice Hall Inc. |
| 246 | 1 |iSeries title also given on publication as : |aFocus on Canada |
| 260 | |bStatistics Canada |c1994. |
| 500 | |aHistorical census publication digitized by Statistics Canada. |
| 590 | |a13-04-Supp|b2013-02-13 |
| 690 | 07|aCensus data|2gcpds |
| 690 | 07|aChildren|2gcpds |
| 690 | 07|aYouth|2gcpds |
| 710 | 2 |aStatistics Canada. |
| 775 | 08|tLes enfants et les jeunes : |w(CaOODSP)9.641170 |
| 856 | 40|ahttp://publications.gc.ca|qPDF|s9.4 MB|uhttps://publications.gc.ca/collections/collection_2012/statcan/rh-hc/CS96-320-1994-eng.pdf |